| 000 | 00549nam a22001457a 4500 | ||
|---|---|---|---|
| 005 | 20230616160511.0 | ||
| 008 | 230425b xxu||||| |||| 00| 0 eng d | ||
| 082 |
_a942.812 _bGUR |
||
| 100 | _aGurubasavaraj, R B | ||
| 245 |
_aಏನಾಗ್ತಿತ್ತು _bEnagtittu _cR.B Gurubasavaraj |
||
| 260 |
_aBelagavi _bPrasaranga, Visveswaraya Technological University ( VTU ) _c2021 |
||
| 300 | _a40p. | ||
| 440 | _aJanpriya Taantrika Shikshana Maale (ಜನಪ್ರಿಯ ತಾಂತ್ರಿಕ ಶಿಕ್ಷಣ ಮಾಲೆ) | ||
| 650 | _aGeneral | ||
| 999 |
_c11642 _d11642 |
||